00603cam a2200193 a 450000100100000000500170001000800410002704000180006808200200008610000250010624500430013126000440017430000280021850400560024665100320030265100320033465100200036665100230038600000715920200929154101.0900217s1988 cu a b 001 0 spa  aDO-SdBNPcDLC a327.7291bS229c1 aSanzo, Nayda,d1947-14aLas cumbres de Cubaria /cNayda Sanzo. aLa Habana, (Cuba) :bPolítica,c1988. a215 p. :bil. ;c21 cm. aIncluye referencias bibliográficas: (p. 211-213). 4aCubaxRelacioneszBulgaria. 4aBulgariaxRelacioneszCuba. 4aCubaxHistoria. 4aBulgariaxHistoria